Normal view
MARC view
- Structural steel design
Entry Topical Term
001 - CONTROL NUMBER
- control field: 135
003 - CONTROL NUMBER IDENTIFIER
- control field: OSt
005 - DATE AND TIME OF LATEST TRANSACTION
- control field: 20141209152649.0
008 - FIXED-LENGTH DATA ELEMENTS
- fixed length control field: 141209|| aca||aabn | a|a d
040 ## - CATALOGING SOURCE
- Original cataloging agency: OSt
- Transcribing agency: OSt
150 ## - HEADING--TOPICAL TERM
- Topical term or geographic name as entry element: Structural steel design
670 ## - SOURCE DATA FOUND
- Source citation: Work cat.: (OSt): Shiyekar, M R 134, Limit state Design in Structural Steel, 2011
